000 00306nam a22001337a 4500
008 171031b xxu||||| |||| 00| 0 eng d
020 _a9780071379496
041 _aeng
080 _a33
100 _a59
101 _aBUS
245 _aTHE POWER OF CORPORATE COMMUNICATION
_cARGENTI,P.A
942 _2udc
_cBK
999 _c36921
_d36921